LEADER 01499nam 2200349 n 450 001 996392632903316 005 20221108082702.0 035 $a(CKB)1000000000677559 035 $a(EEBO)2240870776 035 $a(UnM)99861220 035 $a(EXLCZ)991000000000677559 100 $a19920320d1646 uy | 101 0 $aeng 135 $aurbn||||a|bb| 200 10$aMemorable dayes and workes of God, in the yeare past. 1645. Or A catalogue of the cities, castles, townes, and forts, that have beene taken by the Parliaments forces since Ianuary last$b[electronic resource] 210 $aLondon, $cPrinted for J. Bartlett.$d1646 215 $a8 p 300 $aAttributed to Joseph Caryl by Wing. 300 $aAnnotation on Thomason copy: "Jan: 1st 1645"; the second 6 in imprint date crossed out. 300 $aReproduction of the original in the British Library. 330 $aeebo-0018 607 $aGreat Britain$xHistory$yCivil War, 1642-1649$xCampaigns$vEarly works to 1800 607 $aGreat Britain$xHistory$yCivil War, 1642-1649$xChronology$vEarly works to 1800 700 $aCaryl$b Joseph, 1602-1673$01003625 801 0$bCu-RivES 801 1$bCu-RivES 801 2$bCStRLIN 801 2$bWaOLN 906 $aBOOK 912 $a996392632903316 996 $aMemorable dayes and workes of God, in the yeare past. 1645. Or A catalogue of the cities, castles, townes, and forts, that have beene taken by the Parliaments forces since Ianuary last$92358714 997 $aUNISA